Schicksale der Deutschen aus dem Isergebirge in den Jahren 1945-1948 /

Hlavní autor: Laurin, Petra, 1962-
Další autoři: Nováková, Irena, Petrásková, Christa, 1941-
Jazyk: Němčina
Vydáno: Liberec : Bor, 2016
Vydání: Erste Auflage
Témata:
Fyzický popis: 62 stran : ilustrace, 1 mapa, portréty, plány, faksimile ; 21 cm
Knihy
Uloženo v:
LEADER 02492nam a2200625 i 4500
001 nkc20162779306
003 CZ PrNK
005 20190718143137.0
007 ta
008 160407s2016 xr abcee 000 0cger
015 |a cnb002779306 
020 |a 978-80-87607-55-8  |q (brožováno) 
035 |a (OCoLC)951553402 
040 |a ABA001  |b cze  |e rda 
043 |a e-xr---  |b e-xr-cc  |2 czenas 
045 |a x4x4 
072 7 |a 94(430/439)  |x Dějiny zemí střední Evropy  |2 Konspekt  |9 8 
072 7 |a 929  |x Biografie  |2 Konspekt  |9 8 
080 |a (=112.2)  |2 MRF 
080 |a 929  |2 MRF 
080 |a 314.151.1(=112.2)  |2 MRF 
080 |a 343.819  |2 MRF 
080 |a (437)  |2 MRF 
080 |a 94(437.31-17)  |2 MRF 
080 |a (0:82-96)  |2 MRF 
080 |a (0:82-94)  |2 MRF 
100 1 |a Laurin, Petra,  |d 1962-  |7 jo2016904797  |4 aut 
245 1 0 |a Schicksale der Deutschen aus dem Isergebirge in den Jahren 1945-1948 /  |c Petra Laurin, Irena Nováková, Christa Petrásková 
250 |a Erste Auflage 
264 1 |a Liberec :  |b Bor,  |c 2016 
300 |a 62 stran :  |b ilustrace, 1 mapa, portréty, plány, faksimile ;  |c 21 cm 
336 |a text  |b txt  |2 rdacontent 
337 |a bez média  |b n  |2 rdamedia 
338 |a svazek  |b nc  |2 rdacarrier 
504 |a Obsahuje bibliografie a bibliografické odkazy 
648 7 |a 1945-1948  |7 ch460655  |2 czenas 
650 0 7 |a Němci  |7 ph117943  |z Česko  |y 20. století  |2 czenas 
650 0 7 |a odsun Němců  |7 ph809856  |z Československo  |y 1945-1948  |2 czenas 
650 0 7 |a internační tábory  |7 ph121151  |z Československo  |y 1945-1948  |2 czenas 
650 0 9 |a Germans  |z Czechia  |y 20th century  |2 eczenas 
650 0 9 |a displacement of Germans  |z Czechoslovakia  |y 1945-1948  |2 eczenas 
650 0 9 |a internation camps  |z Czechoslovakia  |y 1945-1948  |2 eczenas 
651 7 |a Jizerské hory (Česko a Polsko : oblast)  |7 ge291853  |x dějiny  |y 1945-1948  |2 czenas 
651 9 |a Jizerské hory Mountains (Czechia and Poland)  |x history  |y 1945-1948  |2 eczenas 
655 7 |a literatura faktu  |7 fd132773  |2 czenas 
655 7 |a autobiografické vzpomínky  |7 fd131854  |2 czenas 
655 9 |a non-fiction  |2 eczenas 
655 9 |a autobiographical reminiscences  |2 eczenas 
700 1 |a Nováková, Irena  |7 jo2016904806  |4 aut 
700 1 |a Petrásková, Christa,  |d 1941-  |7 ola2008455623  |4 aut 
910 2 |a BOA001  |b 2-1380.341 
928 9 |a Eva Koudelková - nakladatelství Bor 
990 |a BK 
995 |a 01 
996 6 |b 2610692301  |c 2-1380.341  |l MZK  |r Sklad / do 1 hodiny  |n 0  |p p.v.  |w 001594249  |u 000010  |a 1  |e BOA001  |j MZK50  |s P